SÚČASNÉ VZDELÁVANIE PÔRODNÝCH ASISTENTIEK Z POHľADU VZDELÁVACEJ INŠTITÚCIE A PRAXE

Bibliographic Details
Main Authors: Andraščíková, Štefánia, 1963- (Author), Derňarová, Ľubica, 1959- (Author), Žultáková, Silvia, 1968- (Author)
Format: Article
Language:Slovak
ISBN:9788080686222

MARC

LEADER 00000naa a2200000uu 4500
001 vtls011075252
003 SK-MaSNL
005 20260302111508.0
008 210910|2007 xo |||||||||||||||||slo|
015 |a SNBRA 
035 |a (urnnbn)urn:nbn:sk:snk:ar-a0cdwn 
035 |a (uuid)92eb9c70-104e-4a45-838d-0ad52c7112c3 
035 |a urn:nbn:sk:snk-aavk2v 
040 |a SNKBUCL  |b slo  |c SNKBUCL  |e AACR2 
041 0 |a slo 
044 |a xo  |c SK 
100 1 |a Andraščíková, Štefánia,  |d 1963-  |4 aut  |9 194443 
245 1 0 |a SÚČASNÉ VZDELÁVANIE PÔRODNÝCH ASISTENTIEK Z POHľADU VZDELÁVACEJ INŠTITÚCIE A PRAXE  |c Š. Andraščíková, Ľ. Derňárová, S. Žultáková 
700 1 |a Derňarová, Ľubica,  |d 1959-  |4 aut  |9 196952 
700 1 |a Žultáková, Silvia,  |d 1968-  |4 aut  |9 197020 
773 0 |t Molisa 4  |d Prešov : Prešovská univerzita, 2007  |g S. 6-11  |z 9788080686222 
958 |a OND 
958 |a article12 
958 |a chapter 
999 |c 1247897  |d 1249827